school based factors influencing implementation of special education in curriculum in special needs units in public primary schools in kitui west sub-county Kenya (Record no. 18778)
[ view plain ]
| 000 -LEADER | |
|---|---|
| fixed length control field | 00402nam a22001097a 4500 |
| 050 ## - LIBRARY OF CONGRESS CALL NUMBER | |
| Classification Number | (The) LC 3965 |
| Item Number | .K5 2024 |
| 100 ## - MAIN ENTRY--Author | |
| Personal name | Kimanzi Videma |
| 245 ## - TITLE | |
| Title | school based factors influencing implementation of special education in curriculum in special needs units in public primary schools in kitui west sub-county Kenya |
| 300 ## - PHYSICAL DESCRIPTION | |
| Extent | 91p. |
| 650 ## - SUBJECT--TOPIC | |
| Topical term following geographic name as entry element | Education |
| Form subdivision | Special needs education |
| 942 ## - ADDED ENTRY ELEMENTS(KOHA) | |
| Source of classification or shelving scheme | Library of Congress Classification |
| Koha item type | Thesis |
No items available.